Statistics for Historical European Flags

Click here to take the quiz!

General Stats

  • This quiz has been taken 212 times
  • The average score is 12 of 20

Answer Stats

Answer% Correct
Kingdom of Portugal
93%
Kingdom of France
92%
Russian Empire
91%
Polish-Lithuanian Commonwealth
89%
Habsburg Monarchy
88%
Kingdom of Prussia
87%
Kingdom of Spain
83%
Kingdom of Great Britain
81%
Kingdom of Hungary
79%
Electorate of Bavaria
70%
Dutch Republic
58%
Republic of Venice
57%
Kingdom of Sardinia
47%
Principality of Moldavia
44%
Kingdom of the Two Sicilies
38%
Electorate of Saxony
34%
Electorate of Brunswick-Lüneburg
32%
Kingdom of Bohemia
30%
Margraviate of Brandenburg
25%
Duchy of Silesia
17%

Score Distribution

Percentile by Number Answered

Percent of People with Each Score

Your Score History

You have not taken this quiz